Christi Matri (Registro nro. 84749)

Detalles MARC
000 -ENCABEZADO
Número de control [NR] 00996nam a22002297a 4500
008 - DE LONGITUD FIJA DE DATOS DE ELEMENTOS - INFORMACIÓN GENERAL
Elementos de longitud fija [NR] 130821s1966 vc gr spa
040 ## - FUENTE DE CATALOGACION [NR]
Agencia de catalogación original [NR] Co-BoUCM
Idioma de catalogación [NR] spa
041 00 - CODIGO DE IDIOMA [R]
Código de idioma para texto/pista de sonido o título separado [R] Español
092 ## - SIGNATURA TOPOGRAFICA LOCAL
Número de clasificación local FM 000831
100 ## - ASIENTO PRINCIPAL--NOMBRE PERSONAL [NR]
Nombre personal [NR] Iglesia Católica. Papa (1963-1978: Paulo Vi)
ID Autoridad 148799
245 00 - MENCION DE TITULO [NR]
Título [NR] Christi Matri
Parte restante del título [NR] carta encíclica del Sumo Pontífice Paulo VI, se ordenan súplicas a la Santísima Virgen para el mes de octubre; a los venerables hermanos patriarcas, primados, obispos y demás ordinarios de lugar en paz y comunión con la sede apostólica
Mención de responsabilidad, etc. [NR] Paulo VI
260 ## - PUBLICACION, DISTRIBUCION, ETC. (PIE DE IMPRENTA) [R]
Lugar de publicación, distribución, etc. [R] Ciudad del Vaticano (Italia)
Nombre del editor, distribuidor, etc. [R] Tipografía Poliglotta Vaticana
Fecha de publicación, distribución, etc. [R] 1966
300 ## - DESCRIPCION FISICA [R]
Extensión [R] 16 páginas
500 ## - NOTA GENERAL [R]
Nota general [NR] Este libro se encuentra en el depósito de la biblioteca
600 ## - ASIENTO SECUNDARIO DE MATERIA - NOMBRE PERSONAL [R]
Nombre personal [NR] Virgen María
Subdivisión general [R] Teología
9 (RLIN) 894
650 04 - ASIENTO SECUNDARIO DE MATERIA - TERMINO TEMATICO [R]
Término temático o nombre geográfico como elemento de entrada [NR] Culto
9 (RLIN) 12386
650 04 - ASIENTO SECUNDARIO DE MATERIA - TERMINO TEMATICO [R]
Término temático o nombre geográfico como elemento de entrada [NR] Documentos pontificios
9 (RLIN) 7537
650 04 - ASIENTO SECUNDARIO DE MATERIA - TERMINO TEMATICO [R]
Término temático o nombre geográfico como elemento de entrada [NR] Encíclicas
9 (RLIN) 14172
650 04 - ASIENTO SECUNDARIO DE MATERIA - TERMINO TEMATICO [R]
Término temático o nombre geográfico como elemento de entrada [NR] Virgen María
Subdivisión general [R] Culto
9 (RLIN) 26300
700 ## - ASIENTO SECUNDARIO - NOMBRE PERSONAL [R]
Nombre personal [NR] Paulo VI, Papa
9 (RLIN) 148800
942 ## - ELEMENTOS DE ENTRADA AGREGADOS (KOHA)
Tipo de ítem principal el descrito en 300a Libro
Tema principal [No clasificado]
Edición 1
Título oculto en OPAC No
Existencias
Signatura topográfica Código de barras Última vez visto Volúmen / Fascículo Ejemplar Price effective from Tipo de ítem Perdido Sistema de clasificación Dañado No prestable Tipo de ítem específico Suprimido Ubicación habitual Ubicación actual Localización Fecha de creación Forma de adquisición Costo
~ 120057224 29/06/2012 FM 000831 Ej.2 03/02/2013 Libro   LOCAL     Fondos especiales     Archivo Histórico Archivo histórico 28/02/2003 Donación 10000.00
~ 120057223 29/06/2012 FM 000831 Ej.1 03/02/2013 Libro   LOCAL     Fondos especiales     Archivo Histórico Archivo histórico 28/02/2003 Donación 10000.00